| 000 | 00615cam a22002175a 4500 | ||
|---|---|---|---|
| 020 | _a184971326X (hbk.) | ||
| 020 | _a9781849713269 (hbk.) | ||
| 020 | _a9781849713276 (pbk.) | ||
| 020 | _a1849713278 (pbk.) | ||
| 020 | _a9789251066140 (FAO, pbk.) | ||
| 020 | _a9251066140 (FAO, pbk.) | ||
| 040 | _cDLC | ||
| 082 | _a338 EAR 2011 A015 Or. | ||
| 245 | 0 | 4 |
_aThe state of the world's land and water resources for food and agriculture : _bmanaging systems at risk / |
| 260 |
_aAbingdon : _bEarthscan, _c2011. |
||
| 300 |
_a285 S : _bIll. |
||
| 710 | 2 | _aFAO. | |
| 710 | 2 | _aFAO. | |
| 710 | 2 | _aOAA. | |
| 942 | _cEK | ||
| 999 |
_c11330 _d11330 |
||